000 00958nam a2200241 a 4500
001 84357
003 BD-RjUL
005 20241124162114.0
008 241124s2023 bg a|||| m||| 00| 0 eng d
035 _a(BD-RjUL)84357
040 _aBD-RjUL
_beng
_cBD-RjUL
_dBD-RjUL
041 _aeng
082 _223
_a305.5633
_bJOC 2023
100 _aJoarder, Md. Shafikuzzaman
_914402
245 1 0 _aCHANGES, CHALLENGES, AND CONTINUITY OF THE PEASANTRY :
_bEVIDENCE FROM NORTHWESTERN BANGLADESH /
_cMd. Shafikuzzaman Joarder
_6Supervision : M. Zulfiquar Ali Islam
260 _aRajshahi :
_bDepartment of Sociology,University of Rajshahi
_c2023
300 _axviii, 263 leaves :
_bill.;
_c29 cm.
502 _aThesis (Ph.D.) -- Department of Sociology,University of Rajshahi,2023
504 _aReferences : Leaves 215-232
650 _aPeasantry
_xAgricultural workers
_zBangladesh
_914403
700 _aIslam, M. Zulfiquar Ali, Supervision
_914404
942 _2ddc
_cTHE
999 _c84357
_d84357